000 00446nam a2200157Ia 4500
005 20240503015719.0
008 240331s9999 xx 000 0 und d
020 _a9558610100
082 _bJAY
_a331.62
100 _aJayaweera, Swarna
245 0 _aReturnee migrant women in two locations in Sri Lanka
_cCentre for Women's research
260 _aColombo
_bCentre for Women's research
_c2002
300 _a132 p .,
650 _awomen
942 _cL
999 _c2694
_d2694